| 000 | 00779cam a22002654a 4500 | ||
|---|---|---|---|
| 020 | _a9781416049722 | ||
| 040 | _cDLC | ||
| 082 | 0 | 0 | _a617 SAU 2010 A115 Or. |
| 245 | 0 | 0 |
_aArthritis & arthroplasty. _bThe foot and ankle / |
| 246 | 3 | _aArthritis and arthroplasty. | |
| 246 | 3 | 0 | _aFoot and ankle |
| 260 |
_aPhiladelphia, Pa. : _bSaunders/Elsevier, _cc2010. |
||
| 300 |
_axvii, 360 p. : _bill. (some col.) ; _c29 cm. + _e1 DVD-ROM (4 3/4 in.) |
||
| 490 | 1 | _aArthritis & arthroplasty series | |
| 650 | 0 | _aAnkle | |
| 650 | 0 | _aFoot | |
| 650 | 1 | 2 | _aAnkle Joint |
| 650 | 2 | 2 | _aArthritis |
| 650 | 2 | 2 | _aArthroplasty, Replacement |
| 650 | 2 | 2 | _aFoot Joints |
| 650 | 2 | 2 | _aProsthesis Failure. |
| 700 | 1 | _aCoetzee, J. Christiaan, | |
| 700 | 1 | _aHurwitz, Shepard R. | |
| 942 | _cAEDBB | ||
| 999 |
_c17473 _d17473 |
||